[Event "Arco op 43rd"]
[Site "Arco"]
[Date "2021.10.10"]
[Round "2"]
[White "Verrascina, Roberto"]
[Black "Neuhoff, Laertes"]
[Result "0-1"]
[WhiteElo "2055"]
[BlackElo "1846"]
[PlyCount "50"]
[EventDate "2021.10.09"]
[EventType "swiss"]
[EventRounds "9"]
[EventCountry "ITA"]
[SourceTitle "CBM 204 Extra"]
[Source "ChessBase"]
[SourceDate "2021.11.30"]
[SourceVersion "1"]
[SourceVersionDate "2021.11.30"]
[SourceQuality "1"]

1. d4 d5 2. Bg5 c5 3. e3 h6 4. Bh4 cxd4 5. exd4 Qb6 6. b3 e5 7. Nf3 e4 8. Ne5 Nc6 9. c3 Nxe5 10. dxe5 Be6 11. Be2 Ne7 12. Bg4 g5 13. Bg3 Bg7 14. 0-0 Ng6 15. Bxe6 Qxe6 16. c4 dxc4 17. Nc3 0-0 18. bxc4 Nxe5 19. Nxe4 Nxc4 20. Re1 Rfd8 21. Qc1 Bb2 22. Qb1 Qb6 23. h4 Na3 24. Bc7 Qb5 25. hxg5 Nxb1 0-1

[Event "Arco op 41st"]
[Site "Arco"]
[Date "2019.10.08"]
[Round "5"]
[White "Verrascina, Roberto"]
[Black "Hilbenz, Guntram"]
[Result "1/2-1/2"]
[WhiteElo "2100"]
[BlackElo "1854"]
[PlyCount "93"]
[EventDate "2019.10.04"]
[EventType "swiss"]
[EventRounds "9"]
[EventCountry "ITA"]
[SourceTitle "EXT 2020"]
[Source "ChessBase"]
[SourceDate "2019.10.17"]
[SourceVersion "1"]
[SourceVersionDate "2019.10.17"]
[SourceQuality "1"]

1. d4 d5 2. Bg5 h6 3. Bh4 c5 4. e3 Nc6 5. Nf3 Qb6 6. b3 Bf5 7. Bd3 Bxd3 8. Qxd3 e6 9. 0-0 Nf6 10. Nc3 cxd4 11. exd4 Be7 12. Qb5 Qxb5 13. Nxb5 0-0 14. c4 a6 15. Nc3 Bb4 16. Bxf6 Bxc3 17. Rac1 Bb4 18. Be5 f6 19. Bg3 Rfd8 20. Rfd1 Rd7 21. c5 Rad8 22. Kf1 Kf7 23. Rc2 g5 24. h3 Ba5 25. Re2 Bb4 26. Bd6 Re8 27. Ne1 Bxe1 28. Rexe1 b6 29. Re2 b5 30. g3 Ra7 31. f3 Raa8 32. Rdd2 Rg8 33. Rh2 h5 34. Kf2 h4 35. g4 Rae8 36. f4 gxf4 37. Kf3 Rg6 38. Rhg2 Rgg8 39. Kxf4 Rg6 40. Ke3 Rgg8 41. Rgf2 Kg6 42. Rf3 Rg7 43. Rdf2 Rf7 44. Rg2 Rh8 45. g5 fxg5 46. Rxf7 Kxf7 47. Rxg5 1/2-1/2

[Event "World Amateur-ch U2300"]
[Site "Spoleto"]
[Date "2017.04.06"]
[Round "7"]
[White "Isaakidis, Alexandros"]
[Black "Verrascina, Roberto"]
[Result "1-0"]
[WhiteElo "2042"]
[BlackElo "2190"]
[PlyCount "123"]
[EventDate "2017.04.01"]
[EventType "swiss"]
[EventRounds "9"]
[EventCountry "ITA"]
[SourceTitle "CBM 177 Extra"]
[Source "ChessBase"]
[SourceDate "2017.04.27"]
[SourceVersion "1"]
[SourceVersionDate "2017.04.27"]
[SourceQuality "1"]

1. e4 Nf6 2. e5 Nd5 3. d4 d6 4. c4 Nb6 5. f4 dxe5 6. fxe5 c5 7. d5 e6 8. Nc3 exd5 9. cxd5 c4 10. d6 Nc6 11. Nf3 Bg4 12. Bf4 Qd7 13. Be2 0-0-0 14. 0-0 Re8 15. a4 Qe6 16. a5 Nd7 17. Nd5 Bxd6 18. Bxc4 Bc5+ 19. Kh1 Qg6 20. b4 Nxb4 21. Nxb4 Bxb4 22. a6 Qe4 23. axb7+ Kb8 24. Qa4 a5 25. Nd2 Bxd2 26. Bxd2 Bh3 27. Rf2 Rxe5 28. Kg1 Nb6 29. Qb3 Nxc4 30. Bf4 Be6 31. Qc3 f6 32. Re1 Qd5 33. Qg3 g5 34. Bxe5+ fxe5 35. Qxg5 a4 36. Ref1 Qc5 37. Kh1 a3 38. Qg7 Re8 39. Rf8 Nd6 40. Qe7 Qd5 41. Rxe8+ Nxe8 42. Qxe8+ Kxb7 43. Qe7+ Bd7 44. Rb1+ Kc7 45. Rc1+ Kb7 46. Qb4+ Bb5 47. Qxa3 Bc6 48. Rb1+ Kc7 49. Qe7+ Kc8 50. Qg7 h5 51. Rf1 Bd7 52. Qh8+ Kc7 53. Qxh5 Bc6 54. Qf7+ Qxf7 55. Rxf7+ Kd6 56. Rf6+ Kd5 57. Rxc6 Kxc6 58. Kg1 Kd5 59. Kf2 Ke4 60. Ke2 Kd4 61. g4 Ke4 62. g5 1-0

[Event "Imperia op-A 45th"]
[Site "Imperia"]
[Date "2003.09.04"]
[Round "6"]
[White "Verrascina, Roberto"]
[Black "Gross, David2222"]
[Result "1/2-1/2"]
[WhiteElo "2226"]
[BlackElo "2451"]
[PlyCount "39"]
[EventDate "2003.08.31"]
[EventType "swiss"]
[EventRounds "9"]
[EventCountry "ITA"]
[SourceTitle "EXT 2005"]
[Source "ChessBase"]
[SourceDate "2004.11.15"]
[SourceVersion "1"]
[SourceVersionDate "2004.11.15"]
[SourceQuality "1"]

1. Nf3 Nf6 2. g3 g6 3. Bg2 Bg7 4. 0-0 0-0 5. d3 d5 6. Nbd2 Nc6 7. e4 dxe4 8. dxe4 e5 9. h3 a5 10. a4 b6 11. b3 Ba6 12. Re1 Re8 13. Bf1 Bxf1 14. Kxf1 Qc8 15. Kg2 Qb7 16. c3 Rad8 17. Qc2 Nd7 18. Nc4 Nc5 19. Ba3 Ne6 20. Rad1 1/2-1/2

[Event "Imperia op-A 45th"]
[Site "Imperia"]
[Date "2003.09.01"]
[Round "2"]
[White "Voloshin, Leonid"]
[Black "Verrascina, Roberto"]
[Result "1-0"]
[WhiteElo "2468"]
[BlackElo "2226"]
[PlyCount "91"]
[EventDate "2003.08.31"]
[EventType "swiss"]
[EventRounds "9"]
[EventCountry "ITA"]
[SourceTitle "EXT 2005"]
[Source "ChessBase"]
[SourceDate "2004.11.15"]
[SourceVersion "1"]
[SourceVersionDate "2004.11.15"]
[SourceQuality "1"]

1. c4 g6 2. g3 Bg7 3. Bg2 e5 4. Nc3 Ne7 5. e3 Nbc6 6. Nge2 d6 7. d3 Be6 8. Nd5 Qd7 9. Rb1 Nd8 10. b4 Ng8 11. b5 c6 12. Ndc3 Ne7 13. bxc6 bxc6 14. Ba3 f5 15. 0-0 0-0 16. Qc2 Nf7 17. Rb3 Rab8 18. Rfb1 Qc7 19. Qb2 Rxb3 20. Qxb3 Bf6 21. d4 Rc8 22. Bf1 g5 23. dxe5 dxe5 24. Na4 f4 25. Nc5 Bg4 26. Nc3 fxe3 27. fxe3 Rd8 28. N3e4 Kg7 29. Bg2 Ng8 30. h3 Bc8 31. g4 Be7 32. Nd3 Qb6 33. Bxe7 Qxe3+ 34. Ndf2 Qxb3 35. axb3 Nxe7 36. Ra1 a6 37. Nc5 Rd2 38. Nxa6 Ng6 39. Nc5 Nf4 40. Bxc6 Ne2+ 41. Kf1 Nd4 42. Bd5 Nd6 43. Ra7+ Kg6 44. Rc7 N4b5 45. cxb5 Rxd5 46. b6 1-0

[Event "Vitinia op 10th"]
[Site "Vitinia"]
[Date "1998.??.??"]
[Round "?"]
[White "Malloni, Marcello"]
[Black "Verrascina, Roberto"]
[Result "1-0"]
[WhiteElo "2240"]
[BlackElo "2225"]
[PlyCount "127"]
[EventDate "1998.??.??"]
[EventType "swiss"]
[EventRounds "9"]
[EventCountry "ITA"]
[SourceTitle "EXT 2002"]
[Source "ChessBase"]
[SourceDate "2001.11.25"]
[SourceVersion "1"]
[SourceVersionDate "2001.11.25"]
[SourceQuality "1"]

1. d4 d5 2. c4 c5 3. cxd5 Qxd5 4. Nf3 cxd4 5. Nc3 Qa5 6. Nxd4 e5 7. Ndb5 Nf6 8. Nd6+ Bxd6 9. Qxd6 Nc6 10. Bd2 Qb4 11. Qxb4 Nxb4 12. Rc1 0-0 13. g3 Bd7 14. a3 Nbd5 15. Bg2 Bc6 16. 0-0 Rac8 17. Rfd1 Nb6 18. Bxc6 Rxc6 19. Nb5 Rxc1 20. Rxc1 a6 21. Nd6 Rd8 22. Bb4 h5 23. Nxb7 Rb8 24. Nc5 Nbd5 25. Nxa6 Rb6 26. Nc5 Nxb4 27. axb4 Rxb4 28. Rc2 h4 29. Nd3 Rb5 30. f3 e4 31. Nc5 exf3 32. exf3 hxg3 33. hxg3 Kf8 34. Kf2 Ke7 35. Ke3 Kd6 36. Kd4 Rb4+ 37. Ke3 Nd5+ 38. Ke2 Rb5 39. Nd3 Nb4 40. Rd2 Nxd3 41. Rxd3+ Ke6 42. b3 g5 43. Kd2 f5 44. Kc3 Rc5+ 45. Kd4 Rc1 46. b4 Rb1 47. Kc5 Rc1+ 48. Kb6 Rg1 49. f4 g4 50. b5 Rf1 51. Re3+ Kf6 52. Kc5 Rc1+ 53. Kd4 Rb1 54. Kc4 Rc1+ 55. Rc3 Rb1 56. Rb3 Rc1+ 57. Kb4 Ke6 58. b6 Rc8 59. Kb5 Kd5 60. b7 Rf8 61. Kb6 Kc4 62. Rb1 Kd5 63. Rc1 Rf6+ 64. Kb5 1-0

[Event "Academia Cup op"]
[Site "Italy"]
[Date "1998.??.??"]
[Round "7"]
[White "Sibilio, Mario"]
[Black "Verrascina, Roberto"]
[Result "1-0"]
[WhiteElo "2330"]
[BlackElo "2225"]
[PlyCount "101"]
[EventDate "1998.??.??"]
[EventType "swiss"]
[EventRounds "8"]
[EventCountry "ITA"]
[SourceTitle "EXT 2002"]
[Source "ChessBase"]
[SourceDate "2001.11.25"]
[SourceVersion "1"]
[SourceVersionDate "2001.11.25"]
[SourceQuality "1"]

1. Nf3 d5 2. g3 c6 3. Bg2 Bg4 4. c4 Bxf3 5. Bxf3 e6 6. Qb3 Qb6 7. d4 dxc4 8. Qxc4 Nf6 9. 0-0 Be7 10. b3 0-0 11. Bb2 Nbd7 12. Nd2 a5 13. a3 Rfd8 14. Rfd1 Rac8 15. Rac1 c5 16. e3 cxd4 17. Qxc8 Rxc8 18. Rxc8+ Nf8 19. Bxd4 Qb5 20. Rc7 Bxa3 21. Rxb7 Qd3 22. Nc4 Qf5 23. Ne5 h5 24. e4 Nxe4 25. Rxf7 Nf6 26. Re1 Bd6 27. Be4 Qh3 28. Nf3 e5 29. Bxe5 Bxe5 30. Nxe5 N8d7 31. Bd5 Nxd5 32. Rxd7 Nf6 33. Rd8+ Kh7 34. Re3 Qf5 35. Rd4 Qc2 36. h3 Qc5 37. Nf3 Qc1+ 38. Kg2 Qc6 39. Re5 Qb6 40. Ra4 Qxb3 41. Raxa5 Qb7 42. Rf5 Qc6 43. Ra7 Kh6 44. Rfa5 Qc2 45. R7a6 Qc4 46. Ra4 Qe2 47. g4 hxg4 48. hxg4 Kh7 49. Kg3 Ne4+ 50. Rxe4 Qxa6 51. Ng5+ 1-0

[Event "ITA-chT UISP"]
[Site "Montecatini Terme"]
[Date "1996.??.??"]
[Round "8"]
[White "Verrascina, Roberto"]
[Black "Caposciutti, Maurizio"]
[Result "0-1"]
[WhiteElo "2225"]
[BlackElo "2310"]
[PlyCount "116"]
[EventDate "1996.??.??"]
[EventType "team"]
[EventRounds "9"]
[EventCountry "ITA"]
[SourceTitle "EXT 2001"]
[Source "ChessBase"]
[SourceDate "2000.11.22"]
[SourceVersion "1"]
[SourceVersionDate "2000.11.22"]
[SourceQuality "1"]

1. e4 c5 2. Nf3 Nc6 3. Bb5 Nf6 4. e5 Nd5 5. c3 g6 6. 0-0 Bg7 7. d4 cxd4 8. cxd4 0-0 9. Nc3 Nc7 10. Bc4 d5 11. Be2 Bg4 12. h3 Bxf3 13. Bxf3 e6 14. Re1 f6 15. exf6 Qxf6 16. Ne2 Nxd4 17. Nxd4 Qxd4 18. Qxd4 Bxd4 19. Be3 Bxe3 20. Rxe3 Rfe8 21. Rc1 Re7 22. Rb3 Ne8 23. Re3 Kf7 24. Bg4 Nd6 25. Rce1 Rae8 26. Bd1 Nf5 27. Ra3 a6 28. g4 Nd4 29. f4 e5 30. Rd3 Nc6 31. Rxd5 exf4 32. Rf1 Re4 33. g5 Kg7 34. a3 R8e7 35. Rd6 Nd4 36. Rb6 h6 37. gxh6+ Kxh6 38. Bf3 Nxf3+ 39. Rxf3 Kh5 40. Rf2 g5 41. Kg2 Re3 42. Rf3 Re2+ 43. Rf2 Rxf2+ 44. Kxf2 Rd7 45. Kf3 Rd3+ 46. Kg2 Rd2+ 47. Kf3 Rh2 48. Rxb7 Rxh3+ 49. Ke4 Kg4 50. Rb6 Re3+ 51. Kd4 Kf3 52. Rxa6 Rb3 53. Rc6 Rxb2 54. Rc3+ Kg2 55. Ke4 Re2+ 56. Kf5 f3 57. Kg4 Re4+ 58. Kxg5 f2 0-1